Metodología para el aprendizaje del atletismo : (Registro nro. 60675)
[ vista simple ]
| 000 -CABECERA | |
|---|---|
| Longitud fija campo de control | 01171nam a2200337 c 4500 |
| 003 - • IDENTIFICADOR DELl NÚMERO DE CONTROL | |
| Identificador del número de control | CO-BoRNBP |
| 005 - • FECHA Y HORA DE LA ÚLTIMA TRANSACCIÓN | |
| Fecha y hora de la última transacción | 20260316162725.0 |
| 007 - • CAMPO FIJO DE DESCRIPCIÓN FÍSICA | |
| Campo fijo de descripción física | ta |
| 008 - • CÓDIGOS DE INFORMACIÓN DE LONGITUD FIJA | |
| Códigos de información de longitud fija | 210825s2013 ck a er 000 0 spa d |
| 020 ## - • NÚMERO INTERNACIONAL NORMALIZADO PARA LIBROS | |
| Número Internacional Normalizado para Libros (ISBN) | 9789588695518 |
| 040 ## - FUENTE DE LA CATALOGACIÓN | |
| Centro catalogador de origen | CO-BoRNBP |
| Lengua de catalogación | spa |
| Normas de descripción | rda |
| Centro transcriptor | CO-BoRNBP |
| 041 0# - • CÓDIGO DE LENGUA | |
| Código de lengua del texto/banda sonora o título independiente | spa |
| 043 ## - CÓDIGO DE ÁREA GEOGRÁFICA | |
| Código de área geográfica | s-ck--- |
| 082 04 - • NÚMERO DE LA CLASIFICACIÓN DECIMAL DEWEY | |
| Número de clasificación (R) | 796.42 |
| Número del ítem | J17m |
| Número de edición | 23 |
| 100 10 - • PUNTO DE ACCESO PRINCIPAL-NOMBRE DE PERSONA | |
| Nombre de persona | Jaramillo Rodriguez, Clareth Antonio |
| Término indicativo de función | aut |
| 245 10 - • TITULO PROPIAMENTE DICHO | |
| Título | Metodología para el aprendizaje del atletismo : |
| Resto del título | pruebas de pista y marcha atlética / |
| Mención de responsabilidad, etc. | Clareth Antonio Jaramillo Rodríguez. |
| 250 ## - • MENCIÓN DE EDICIÓN | |
| Mención de edición | Primera edición |
| 264 #1 - PRODUCCIÓN, PUBLICACIÓN , DISTRIBUCIÓN, FABRICACIÓN Y COPYRIGHT | |
| Lugar de producción, publicación, distribución, fabricación | Armenia, Colombia : |
| Nombre del productor, editor, distribuidor, fabricante | Editorial Kinesis, |
| Fecha de de producción, publicación, distribución, fabricación o copyright | 2013 |
| 300 ## - • DESCRIPCIÓN FÍSICA | |
| Extensión | 93 páginas : |
| Otras características físicas | ilustraciones en blanco y negro |
| 336 ## - TIPO DE CONTENIDO | |
| Término de tipo de contenido | texto |
| Código de tipo de contenido | txt |
| Fuente | rdacontent |
| 337 ## - TIPO DE MEDIO | |
| Nombre del tipo de medio | sin mediación |
| Código del tipo de medio | n |
| Fuente | rdamedia |
| 338 ## - TIPO DE SOPORTE | |
| Nombre del tipo de soporte | volumen |
| Código del tipo de soporte | nc |
| Fuente | rdacarrier |
| 490 0# - • MENCIÓN DE SERIE | |
| Mención de serie | Colección deporte formativo |
| 504 ## - • NOTA DE BIBLIOGRAFÍA, ETC | |
| Nota de bibliografía, etc. | Incluye referencias bibliográficas |
| 521 ## - • NOTA DE PÚBLICO DESTINATARIO | |
| Nota público destinatario (R ) | Recomendado para un público adulto |
| 545 ## - DATOS BIOGRÁFICOS O HISTÓRICOS | |
| Datos bigr´ficos o históricos | Incluye datos biográficos del autor al final del texto |
| 650 17 - • PUNTO DE ACCESO ADICIONAL DE MATERIA - TÉRMINO DE MATERIA | |
| Término de materia o nombre geográfico como elemento inicial | Atletismo |
| Fuente del encabezamiento o término | lemb |
| 650 17 - • PUNTO DE ACCESO ADICIONAL DE MATERIA - TÉRMINO DE MATERIA | |
| Término de materia o nombre geográfico como elemento inicial | Atletismo |
| Subdivisión de forma | Reglamentos |
| Fuente del encabezamiento o término | lemb |
| 942 ## - ENTRADA DE ELEMENTOS AGREGADOS (KOHA) | |
| Fuente de clasificaión o esquema | Dewey Decimal Classification |
| Koha [por defecto] tipo de item | LIbro |
No hay ítems disponibles.